| Registos Bibliográficos associados ao registo de autoridade |
|
Etiqueta de registo: 01220nam 2200373 450 001 2287060 003 http://id.bnportugal.gov.pt/bib/catbnp/2287060 010 ## $a978-989-759-264-5 021 ## $aPT$b560967/26 100 ## $a20260528d2026 m y0pory01030103ba 101 1# $apor$cfre 102 ## $aPT 105 ## $ay z 000yy 106 ## $ar 200 1# $aEdgar Morin, o indisciplinado$fEmmanuel Lemieux$gtrad. Joana Chaves 210 #9 $aLisboa$cPiaget,$dD.L. 2026 215 ## $a532 p.$d24 cm 225 2# $aHistória e biografias$v39 304 ## $aTít. orig.: Edgar Morin, l'indiscipliné 700 #1 $aLemieux,$bEmmanuel$31999503 702 #1 $aChaves,$bJoana$4730$3259976 801 #0 $aPT$bBN$gRPC 966 ## $lBN$mFGMON$x1 966 ## $lBN$mFGMON$x1 971 ## $corlando$d20260528
|
|
|